[Event "Titled Tue 3rd Jan Late"]
[Site "chess.com INT"]
[Date "2025.06.03"]
[Round "3"]
[White "Lymar, Vladislav"]
[Black "Kozionov, Kirill"]
[Result "1-0"]
[WhiteTitle "CM"]
[BlackTitle "IM"]
[WhiteElo "2216"]
[BlackElo "2449"]
[WhiteFideId "14162180"]
[BlackFideId "24101729"]
[EventDate "2025.06.03"]

1. e4 d5 2. exd5 Nf6 3. d4 Nxd5 4. c4 Nb6 5. Nc3 g6 6. Nf3 Bg7 7. c5 Nd5 8. Bc4
c6 9. O-O O-O 10. Bg5 h6 11. Bh4 Nxc3 12. bxc3 b5 13. Bb3 Bf6 14. Bxf6 exf6 15.
a4 Ba6 16. Re1 Nd7 17. axb5 Bb7 18. bxc6 Bxc6 19. d5 Nxc5 20. dxc6 Qb6 21. Bd5
Rad8 22. c4 Rd6 23. Qc2 Kg7 24. Nd4 Rfd8 25. Re7 Rxd5 26. cxd5 Rxd5 27. c7 Qb7
28. Qxc5 Rxc5 29. Ne6+ Kh7 30. Nxc5 Qb2 31. Rae1 1-0

[Event "Titled Tue 3rd Jan Late"]
[Site "chess.com INT"]
[Date "2025.06.03"]
[Round "3"]
[White "Hiwale, Ronak"]
[Black "Tan, Zhongyi"]
[Result "0-1"]
[BlackTitle "GM"]
[WhiteElo "2105"]
[BlackElo "2536"]
[WhiteFideId "30975336"]
[BlackFideId "8603642"]
[EventDate "2025.06.03"]

1. Nf3 d5 2. g3 c5 3. Bg2 Nc6 4. O-O e5 5. d3 Bd6 6. Nbd2 Nge7 7. e4 d4 8. Ne1
h5 9. f4 Bg4 10. Ndf3 h4 11. f5 hxg3 12. hxg3 Qd7 13. Qd2 f6 14. Nh2 Bh3 15.
Bxh3 Rxh3 16. Qg2 Rh7 17. Nef3 O-O-O 18. a3 Kb8 19. Bd2 c4 20. dxc4 d3 21. cxd3
Bc5+ 22. Kh1 Qxd3 23. Rfe1 Rdh8 24. Re2 Nd4 25. Nxd4 Rxh2+ 26. Qxh2 Rxh2+ 27.
Rxh2 Bxd4 28. Bb4 Qxe4+ 29. Rg2 Nxf5 30. Re1 Nxg3+ 31. Kh2 Qh4# 0-1

[Event "Titled Tue 3rd Jan Late"]
[Site "chess.com INT"]
[Date "2025.06.03"]
[Round "3"]
[White "Danila, Tudor-Gabriel"]
[Black "Bacrot, Etienne"]
[Result "0-1"]
[WhiteTitle "CM"]
[BlackTitle "GM"]
[WhiteElo "2178"]
[BlackElo "2633"]
[WhiteFideId "1274244"]
[BlackFideId "605506"]
[EventDate "2025.06.03"]

1. e4 c5 2. c3 e5 3. Nf3 Nc6 4. Bc4 Nf6 5. d3 Be7 6. Ng5 O-O 7. f4 d5 8. exd5
Nxd5 9. Ne4 Nxf4 10. Bxf4 exf4 11. O-O Qc7 12. Qh5 Ne5 13. Bb3 Bg4 0-1

[Event "Titled Tue 3rd Jan Late"]
[Site "chess.com INT"]
[Date "2025.06.03"]
[Round "3"]
[White "Ozen, Batuhan"]
[Black "Mikhalevski, Victor"]
[Result "0-1"]
[WhiteTitle "CM"]
[BlackTitle "GM"]
[WhiteElo "2128"]
[BlackElo "2513"]
[WhiteFideId "6345123"]
[BlackFideId "2801914"]
[EventDate "2025.06.03"]

1. c4 g6 2. Nc3 Nf6 3. g3 Bg7 4. Bg2 O-O 5. Nf3 c6 6. O-O d5 7. d3 d4 8. Na4 Re8
9. b4 e5 10. Nd2 Bf5 11. Rb1 Nbd7 12. c5 Qe7 13. Nb2 e4 14. dxe4 Nxe4 15. Nxe4
Bxe4 16. Bxe4 Qxe4 17. Bf4 Qxe2 18. Qb3 Be5 19. Bh6 Qh5 20. Bd2 Bf6 21. Nc4 Ne5
22. Nxe5 Rxe5 23. Rfe1 Rae8 24. Rxe5 Rxe5 25. Re1 Rxe1+ 26. Bxe1 Qe2 27. Qb1 d3 0-1

[Event "Titled Tue 3rd Jan Late"]
[Site "chess.com INT"]
[Date "2025.06.03"]
[Round "3"]
[White "Yushko, Olga"]
[Black "Jagirapu, Harshin Reddy"]
[Result "0-1"]
[WhiteTitle "WFM"]
[WhiteElo "2036"]
[BlackElo "2042"]
[WhiteFideId "14114500"]
[BlackFideId "39910679"]
[EventDate "2025.06.03"]

1. d4 d5 2. c4 e6 3. cxd5 exd5 4. Nc3 c6 5. Bf4 Nf6 6. e3 Bd6 7. Bxd6 Qxd6 8.
Bd3 O-O 9. Nge2 Re8 10. O-O Nbd7 11. Ng3 Nf8 12. Re1 Ne6 13. Rc1 Ng5 14. f3 h5
15. Nf1 h4 16. e4 dxe4 17. fxe4 Qxd4+ 18. Kh1 Ng4 19. Rc2 Nf2+ 20. Rxf2 Qxf2 21.
e5 h3 22. Ne3 hxg2+ 23. Nxg2 Bh3 24. Rg1 Nf3 25. Ne4 Qxg1+ 26. Qxg1 Nxg1 27.
Kxg1 Bxg2 28. Kxg2 Rxe5 29. Kf3 Rd8 30. Bc2 Rxe4 31. Bxe4 Rd2 32. b4 Rxa2 0-1

[Event "Titled Tue 3rd Jan Late"]
[Site "chess.com INT"]
[Date "2025.06.03"]
[Round "3"]
[White "Arakelyan, Manvel"]
[Black "Tikhonov, Viacheslav"]
[Result "0-1"]
[WhiteTitle "FM"]
[BlackTitle "CM"]
[WhiteElo "2326"]
[BlackElo "2183"]
[WhiteFideId "13317415"]
[BlackFideId "44196407"]
[EventDate "2025.06.03"]

1. e4 c5 2. Nf3 Nc6 3. Bb5 Nd4 4. Nxd4 cxd4 5. O-O a6 6. Bc4 e6 7. d3 Bc5 8. Nd2
b5 9. Bb3 Ne7 10. Nf3 O-O 11. a4 Bb7 12. c3 Nc6 13. Bf4 f5 14. e5 Qb6 15. Qd2 b4
16. cxd4 Nxd4 17. Nxd4 Bxd4 18. a5 Qc6 19. Bd5 Qxd5 20. Qxb4 Qxg2# 0-1

[Event "Titled Tue 3rd Jan Late"]
[Site "chess.com INT"]
[Date "2025.06.03"]
[Round "3"]
[White "Kalyani Sirin"]
[Black "Chen, Yidong"]
[Result "1-0"]
[WhiteTitle "WFM"]
[WhiteElo "2136"]
[BlackElo "2038"]
[WhiteFideId "33323500"]
[BlackFideId "8607028"]
[EventDate "2025.06.03"]

1. e4 c5 2. Nf3 d6 3. d4 cxd4 4. Nxd4 Nf6 5. Nc3 a6 6. f3 e5 7. Nb3 Be6 8. Be3
h5 9. Qd2 Be7 10. Be2 Nbd7 11. Nd5 Nxd5 12. exd5 Bf5 13. O-O h4 14. Na5 Qc7 15.
c4 Nf6 16. b4 O-O 17. Rac1 e4 18. Bd4 Rad8 19. fxe4 Bxe4 20. Qg5 Bg6 21. Qxh4
Nxd5 22. Qe1 Nf6 23. Bf3 Rb8 24. Qf2 Ne4 25. Bxe4 Bxe4 26. Bxg7 Rfe8 27. Qxf7+ 1-0

[Event "Titled Tue 3rd Jan Late"]
[Site "chess.com INT"]
[Date "2025.06.03"]
[Round "3"]
[White "Yilmaz, Baver"]
[Black "Venkatesh, Narayan"]
[Result "1-0"]
[WhiteTitle "FM"]
[BlackTitle "FM"]
[WhiteElo "2233"]
[BlackElo "2168"]
[WhiteFideId "26363542"]
[BlackFideId "30987881"]
[EventDate "2025.06.03"]

1. e4 e6 2. d4 d5 3. Nd2 c5 4. exd5 Qxd5 5. Ngf3 cxd4 6. Bc4 Qd6 7. O-O Nf6 8.
Nb3 Nc6 9. Nbxd4 Nxd4 10. Nxd4 Be7 11. Re1 O-O 12. c3 Qc7 13. Bb3 b6 14. h3 Bb7
15. Bg5 h6 16. Bh4 Rfd8 17. Qe2 Nd5 18. Nxe6 fxe6 19. Qxe6+ Kh8 20. Bxe7 Nf4 21.
Bxd8 Rxd8 22. Qf5 Nxg2 23. Bc2 Kg8 24. Qh7+ Kf7 25. Bb3+ Bd5 26. Qf5+ 1-0

[Event "Titled Tue 3rd Jan Late"]
[Site "chess.com INT"]
[Date "2025.06.03"]
[Round "3"]
[White "Sieciechowicz, Marcin"]
[Black "Paravyan, David"]
[Result "1/2-1/2"]
[WhiteTitle "IM"]
[BlackTitle "GM"]
[WhiteElo "2410"]
[BlackElo "2596"]
[WhiteFideId "1130170"]
[BlackFideId "4194985"]
[EventDate "2025.06.03"]

1. d4 d5 2. c4 e6 3. Nc3 Nf6 4. cxd5 Nxd5 5. e4 Nxc3 6. bxc3 c5 7. Rb1 Be7 8.
Nf3 O-O 9. h4 b6 10. h5 h6 11. Rh3 Kh8 12. Bd3 Ba6 13. Rg3 Bxd3 14. Qxd3 Nc6 15.
Qe3 cxd4 16. cxd4 Rc8 17. Kf1 e5 18. d5 f5 19. exf5 Qxd5 20. Rxg7 Kxg7 21. Qxh6+
Kg8 22. Qg6+ Kh8 23. Qh6+ Kg8 24. Qg6+ Kh8 25. Qh6+ Kg8 1/2-1/2

[Event "Titled Tue 3rd Jan Late"]
[Site "chess.com INT"]
[Date "2025.06.03"]
[Round "3"]
[White "Ghimoyan, Narek"]
[Black "Daianu, Cristian-Clement"]
[Result "0-1"]
[WhiteTitle "CM"]
[BlackTitle "FM"]
[WhiteElo "2273"]
[BlackElo "2205"]
[WhiteFideId "13315412"]
[BlackFideId "1208926"]
[EventDate "2025.06.03"]

1. d4 Nf6 2. c4 g6 3. Nc3 d5 4. Nf3 Bg7 5. Bg5 O-O 6. Bxf6 Bxf6 7. cxd5 Bg7 8.
e3 e6 9. dxe6 Bxe6 10. Be2 c5 11. O-O Bg4 12. dxc5 Qa5 13. Nd4 Bxe2 14. Qxe2
Qxc5 15. Rfd1 Nc6 16. Nxc6 Qxc6 17. Rac1 Rad8 18. h3 a6 19. Qf3 Qb6 20. Nd5 Qxb2
21. Rb1 Qxa2 22. Rxb7 a5 23. g3 Qa3 24. Kg2 Qc5 25. Ne7+ Kh8 26. Rxd8 Rxd8 27.
Qxf7 Qe5 28. f4 Qe4+ 29. Kf1 Qf3+ 30. Ke1 Rd1# 0-1

[Event "Titled Tue 3rd Jan Late"]
[Site "chess.com INT"]
[Date "2025.06.03"]
[Round "3"]
[White "Pranav, V"]
[Black "Atanasov, Anthony"]
[Result "1-0"]
[WhiteTitle "GM"]
[BlackTitle "IM"]
[WhiteElo "2621"]
[BlackElo "2402"]
[WhiteFideId "25060783"]
[BlackFideId "2623897"]
[EventDate "2025.06.03"]

1. e4 e5 2. Nf3 Nf6 3. Nc3 Nc6 4. Bb5 Nd4 5. O-O c6 6. Bd3 Nxf3+ 7. Qxf3 Bc5 8.
Bc4 O-O 9. d3 b5 10. Bb3 a5 11. a3 d6 12. h3 h6 13. Qg3 Kh8 14. Be3 Qe7 15. a4
b4 16. Bxc5 bxc3 17. Be3 cxb2 18. Rab1 d5 19. exd5 Nxd5 20. Bxd5 cxd5 21. Rxb2
d4 22. Bd2 Bd7 23. Re1 f6 24. f4 Qa3 25. Rb7 Qxa4 26. fxe5 Qc6 27. exf6 Rxf6 28.
Rc7 Rg6 29. Qh2 Rxg2+ 30. Qxg2 Qxc7 31. Qxa8+ Kh7 32. Qe4+ 1-0

[Event "Titled Tue 3rd Jan Late"]
[Site "chess.com INT"]
[Date "2025.06.03"]
[Round "3"]
[White "Antoniou, Rafail"]
[Black "Mirimanian, Hayk"]
[Result "1/2-1/2"]
[WhiteTitle "CM"]
[BlackTitle "FM"]
[WhiteElo "2134"]
[BlackElo "2237"]
[WhiteFideId "5904390"]
[BlackFideId "4700180"]
[EventDate "2025.06.03"]

1. e4 e5 2. Nf3 Nc6 3. Nc3 Nf6 4. d4 exd4 5. Nxd4 Nxe4 6. Nxc6 Nxc3 7. Nxd8 Nxd1
8. Nxf7 Kxf7 9. Bc4+ Kf6 10. h4 d5 11. Bxd5 Be6 12. Bg5+ Kf7 13. Bxe6+ Kxe6 14.
Rxd1 Bd6 15. O-O Kf7 16. g3 Rhe8 17. Be3 Kg6 18. Rd3 b5 19. Rfd1 a6 20. Kg2 Re6
21. Rd5 Kf7 22. c3 g6 23. R1d3 Rae8 24. h5 Re5 25. hxg6+ hxg6 26. Rxe5 Rxe5 27.
Bf4 Re6 28. Bxd6 cxd6 29. Kf3 g5 30. Re3 Rf6+ 31. Ke2 Rh6 32. a4 bxa4 33. Re4 a3
34. bxa3 Rh1 35. Ra4 Rc1 36. Kd2 Rf1 37. Ke2 Rc1 38. Kd2 Rf1 39. Ke2 Rc1 1/2-1/2

[Event "Titled Tue 3rd Jan Late"]
[Site "chess.com INT"]
[Date "2025.06.03"]
[Round "3"]
[White "Nguyen Hong Nhung"]
[Black "Yevchenko, Oleksandr"]
[Result "1-0"]
[WhiteTitle "WFM"]
[BlackTitle "CM"]
[WhiteElo "2197"]
[BlackElo "2276"]
[WhiteFideId "12412201"]
[BlackFideId "14108267"]
[EventDate "2025.06.03"]

1. e4 c5 2. Nf3 d6 3. d4 cxd4 4. Nxd4 Nf6 5. Nc3 a6 6. Bg5 e6 7. f4 Be7 8. Qf3
Qc7 9. O-O-O Nbd7 10. g4 h6 11. Bxf6 Bxf6 12. h4 Bxd4 13. Rxd4 Qc5 14. Rd2 Nb6
15. Qg3 Bd7 16. g5 h5 17. g6 f6 18. f5 exf5 19. exf5 O-O-O 20. Ne4 Qe5 21. Nxd6+
Kb8 22. Qxe5 fxe5 23. Nf7 Bc6 24. Rxd8+ Rxd8 25. Nxd8 Bxh1 26. Ne6 Be4 27. Nxg7
Nd7 28. Bd3 Bxd3 29. cxd3 Nf6 30. Ne6 Kc8 31. Nc5 Kc7 32. Ne4 1-0

[Event "Titled Tue 3rd Jan Late"]
[Site "chess.com INT"]
[Date "2025.06.03"]
[Round "3"]
[White "Bratovic, Blaz"]
[Black "Mekhitarian, Krikor Sevag"]
[Result "0-1"]
[WhiteTitle "IM"]
[BlackTitle "GM"]
[WhiteElo "2319"]
[BlackElo "2564"]
[WhiteFideId "14603551"]
[BlackFideId "2107660"]
[EventDate "2025.06.03"]

1. e4 c5 2. Nf3 Nc6 3. Bb5 Nf6 4. Nc3 Qc7 5. O-O Nd4 6. Nxd4 cxd4 7. Nd5 Nxd5 8.
exd5 b6 9. Re1 Bb7 10. b4 Bxd5 11. Bb2 a6 12. Bd3 Qf4 13. Qh5 Bc6 14. a4 g6 15.
Qh3 e6 16. b5 axb5 17. axb5 Bb7 18. Rxa8+ Bxa8 19. Ra1 Bd5 20. c4 dxc3 21. Bxc3
Rg8 22. Qxh7 Bc5 23. Qxg8+ Ke7 24. Bb4 Qxf2+ 25. Kh1 Qxg2# 0-1

[Event "Titled Tue 3rd Jan Late"]
[Site "chess.com INT"]
[Date "2025.06.03"]
[Round "3"]
[White "Postny, Evgeny"]
[Black "Ghafourian, Amir Ali"]
[Result "0-1"]
[WhiteTitle "GM"]
[BlackTitle "CM"]
[WhiteElo "2525"]
[BlackElo "2111"]
[WhiteFideId "2804344"]
[BlackFideId "12533831"]
[EventDate "2025.06.03"]

1. e4 c5 2. Nf3 d6 3. Bb5+ Nd7 4. O-O e5 5. Nc3 Nf6 6. d3 Be7 7. a4 O-O 8. h3 a6
9. Bc4 b6 10. Nh2 Bb7 11. f4 exf4 12. Bxf4 Ne5 13. Ba2 Ng6 14. Bg3 d5 15. e5 Nd7
16. Nxd5 Ndxe5 17. Nxe7+ Qxe7 18. Ng4 Qg5 19. Nxe5 Qxg3 20. Nf3 Nf4 21. Qd2 Rae8
22. Rae1 Bxf3 23. Rxe8 Rxe8 24. Bxf7+ Kxf7 25. Rxf3 Re1+ 26. Rf1 Rxf1+ 27. Kxf1
g5 28. a5 b5 29. b3 b4 30. Kg1 Nxh3+ 31. Kh1 Nf4 32. Kg1 h5 33. c3 bxc3 34. Qa2
Qe1+ 35. Kh2 Qd2 0-1

[Event "Titled Tue 3rd Jan Late"]
[Site "chess.com INT"]
[Date "2025.06.03"]
[Round "3"]
[White "Atkeson, Christopher Timothy"]
[Black "Fieberg, Samuel"]
[Result "0-1"]
[BlackTitle "FM"]
[WhiteElo "2031"]
[BlackElo "2157"]
[WhiteFideId "39956547"]
[BlackFideId "12901717"]
[EventDate "2025.06.03"]

1. e4 e6 2. d4 d5 3. Nd2 c5 4. Ngf3 cxd4 5. Nxd4 Nf6 6. e5 Nfd7 7. N2f3 Nc6 8.
Nxc6 bxc6 9. c3 Be7 10. Bd3 Bb7 11. O-O c5 12. Re1 Qb6 13. Qe2 h6 14. c4 d4 15.
b3 a5 16. Bf4 g5 17. Bg3 h5 18. h4 g4 19. Nd2 Qd8 20. Be4 Ra7 21. Bxb7 Rxb7 22.
Ne4 Rb6 23. Qd2 Ra6 24. a3 Bxh4 25. Nd6+ Rxd6 26. exd6 Bxg3 27. fxg3 h4 28. Qf4
hxg3 29. Qxg4 Qf6 30. Qxg3 Qh6 31. Kf2 Nf6 32. d7+ Kxd7 33. Qf3 Qh4+ 34. Kg1
Qh2+ 35. Kf1 Qh1+ 36. Kf2 Qh4+ 37. Kf1 Ng4 38. Qb7+ Ke8 39. Qc8+ Ke7 40. Qc7+
Kf6 41. Qf4+ Kg7 42. Re4 Qh1+ 43. Ke2 Qxg2+ 44. Kd3 Rh3+ 0-1

[Event "Titled Tue 3rd Jan Late"]
[Site "chess.com INT"]
[Date "2025.06.03"]
[Round "3"]
[White "Schnaider, Ilan"]
[Black "Noroozi, Omid"]
[Result "1-0"]
[WhiteTitle "IM"]
[BlackTitle "IM"]
[WhiteElo "2388"]
[BlackElo "2266"]
[WhiteFideId "169013"]
[BlackFideId "12501190"]
[EventDate "2025.06.03"]

1. d4 Nf6 2. c4 e6 3. Nf3 d5 4. g3 Be7 5. Bg2 O-O 6. O-O dxc4 7. Qc2 a6 8. a4
Nc6 9. Qxc4 Bd6 10. Nc3 e5 11. d5 Ne7 12. Bg5 Ng6 13. Ne4 Be7 14. Nxf6+ gxf6 15.
Bh6 Re8 16. e4 Bd6 17. h4 f5 18. h5 Ne7 19. Bg5 fxe4 20. Qxe4 Bf5 21. Qh4 Qd7
22. Bh6 f6 23. Qxf6 Nxd5 24. Qg5+ Kh8 25. Nh4 Be6 26. Bxd5 Bxd5 27. Nf5 Bf8 28.
Qf6+ Kg8 29. Bxf8 Rxf8 30. Nh6# 1-0

[Event "Titled Tue 3rd Jan Late"]
[Site "chess.com INT"]
[Date "2025.06.03"]
[Round "3"]
[White "Panin, Mikhail"]
[Black "Kobalia, Mikhail"]
[Result "1-0"]
[WhiteTitle "CM"]
[BlackTitle "GM"]
[WhiteElo "2262"]
[BlackElo "2538"]
[WhiteFideId "34164992"]
[BlackFideId "4119150"]
[EventDate "2025.06.03"]

1. Nf3 g6 2. e4 Bg7 3. d4 d6 4. Be2 a6 5. c4 Nd7 6. Nc3 e5 7. O-O Ne7 8. Be3 O-O
9. Qd2 f5 10. Bh6 f4 11. Bxg7 Kxg7 12. dxe5 dxe5 13. Rfd1 Nc6 14. Nd5 g5 15. h3
h5 16. Nh2 g4 17. hxg4 hxg4 18. Bxg4 Rh8 19. Nxf4 Qh4 20. Ne6+ Kf6 21. Bh3 Nc5
22. Ng4+ 1-0

[Event "Titled Tue 3rd Jan Late"]
[Site "chess.com INT"]
[Date "2025.06.03"]
[Round "3"]
[White "Kilic, Eray"]
[Black "Ferriz Barrios, Andres"]
[Result "1-0"]
[WhiteTitle "IM"]
[BlackTitle "FM"]
[WhiteElo "2469"]
[BlackElo "2102"]
[WhiteFideId "44517173"]
[BlackFideId "5104467"]
[EventDate "2025.06.03"]

1. e4 e6 2. d4 d5 3. e5 c5 4. c3 Nc6 5. Nf3 Qb6 6. Bd3 Bd7 7. dxc5 Bxc5 8. O-O
a5 9. Nbd2 a4 10. b4 Bf8 11. a3 Qc7 12. Re1 Nge7 13. c4 Ng6 14. cxd5 exd5 15. h4
Be6 16. Bb2 Nf4 17. Bf1 h6 18. b5 Nd8 19. Rc1 Qd7 20. g3 Nh3+ 21. Kg2 g5 22. Nd4
gxh4 23. b6 Ra5 24. Rc7 Rg8 25. Rxd7 Bxd7 26. Kh2 Nxf2 27. Qf3 hxg3+ 28. Kg1 Ne6
29. Nxe6 Bxe6 30. Bd4 Bc5 31. Qc3 Bxd4 32. Qxd4 Rg4 33. Qc3 Ra8 34. Qc5 Rd8 35.
Bb5+ Bd7 36. Bxd7+ Rxd7 37. e6 fxe6 38. Rxe6+ Kf7 39. Re3 Nh3+ 40. Kg2 Nf4+ 41.
Kf3 g2 42. Kxg4 g1=Q+ 43. Kxf4 Qg5+ 44. Kf3 Kg7 45. Qd4+ Kg6 46. Re6+ Kf7 47.
Re5 Qf6+ 48. Ke3 Re7 49. Rxe7+ Qxe7+ 50. Kf2 Qxa3 51. Qxd5+ Kf6 52. Qxb7 Qc5+
53. Ke2 Qb5+ 54. Ke1 Qe5+ 55. Qe4 Qa1+ 56. Ke2 a3 57. b7 Qb2 58. Qf4+ Ke6 59.
b8=R Qxb8 60. Qxb8 1-0

[Event "Titled Tue 3rd Jan Late"]
[Site "chess.com INT"]
[Date "2025.06.03"]
[Round "3"]
[White "Loya Ibarra, Rigoberto"]
[Black "Brozynski, Patryk"]
[Result "0-1"]
[BlackTitle "CM"]
[WhiteElo "2069"]
[BlackElo "2219"]
[WhiteFideId "5110688"]
[BlackFideId "2512700"]
[EventDate "2025.06.03"]

1. e4 c5 2. Nc3 Nc6 3. Bb5 e6 4. Bxc6 bxc6 5. d3 d5 6. Nge2 Nf6 7. e5 Nd7 8. f4
Be7 9. O-O Ba6 10. Kh1 c4 11. d4 c5 12. Be3 cxd4 13. Nxd4 g6 14. Qe1 Rc8 15. a4
Nc5 16. Ncb5 Qd7 17. Qf2 O-O 18. h3 Ne4 19. Qe1 c3 20. b3 Rfd8 21. Kg1 Bc5 22.
Kh2 Qe7 23. Qe2 Qh4 24. Qf3 Nd2 25. Bxd2 cxd2 26. Qd3 Bxd4 27. Qxd4 Rxc2 28. Nd6
Bxf1 29. Re1 dxe1=Q 0-1

[Event "Titled Tue 3rd Jan Late"]
[Site "chess.com INT"]
[Date "2025.06.03"]
[Round "3"]
[White "Amarasinghe, A A C B"]
[Black "Fadi, Marko"]
[Result "1-0"]
[WhiteTitle "CM"]
[BlackTitle "FM"]
[WhiteElo "1949"]
[BlackElo "2244"]
[WhiteFideId "9901809"]
[BlackFideId "10605371"]
[EventDate "2025.06.03"]

1. d4 g6 2. c4 Bg7 3. Nc3 Nf6 4. e4 O-O 5. f3 d6 6. Be3 c6 7. Qd2 Nbd7 8. Bh6 e5
9. Bxg7 Kxg7 10. Nge2 a6 11. h4 h5 12. O-O-O b5 13. c5 exd4 14. Nxd4 dxc5 15.
Nxc6 Qc7 16. Ne7 Bb7 17. g4 Ne5 18. Nf5+ gxf5 19. Qg5+ Ng6 20. gxf5 Qf4+ 21. Kb1
b4 22. fxg6 Qxg5 23. hxg5 bxc3 24. gxf6+ Kxf6 25. gxf7 cxb2 26. Rxh5 Rxf7 27.
Bc4 Rc7 28. Rf5+ Kg7 29. Rg1+ Kh8 30. Bf7 1-0

[Event "Titled Tue 3rd Jan Late"]
[Site "chess.com INT"]
[Date "2025.06.03"]
[Round "3"]
[White "Thomforde-Toates, Noah"]
[Black "Naroditsky, Daniel"]
[Result "0-1"]
[BlackTitle "GM"]
[WhiteElo "2128"]
[BlackElo "2619"]
[WhiteFideId "30951992"]
[BlackFideId "2026961"]
[EventDate "2025.06.03"]

1. c4 g6 2. g3 Bg7 3. Bg2 Nf6 4. Nf3 O-O 5. O-O d6 6. Nc3 c6 7. d3 d5 8. cxd5
cxd5 9. d4 Bf5 10. Bg5 Nbd7 11. Bxf6 Nxf6 12. Ne5 Qb6 13. Qd2 Rad8 14. Rfc1 Ne4
15. Nxe4 dxe4 16. Nc4 Qxd4 17. Qb4 Be6 18. e3 Qd5 19. Na5 Rd7 20. Bxe4 Qe5 21.
Rc2 Rfd8 22. Kg2 Qh5 23. h4 Qg4 24. Rh1 Rd4 25. Qxb7 Qxe4+ 26. Qxe4 Rxe4 27. Nc6
Bd5 28. Kh2 Rd6 29. Nxa7 Ra4 30. Nc8 Bxh1 31. Nxd6 Bd5 32. Rc8+ Bf8 33. Nb5 Rxa2
34. Nc3 Be6 35. Rb8 Ra1 36. b4 f5 37. g4 Kf7 38. gxf5 gxf5 39. Ne2 Bg7 40. Nf4
Be5 41. Rb5 Bd6 42. Kg3 Rb1 43. Kf3 Bd7 44. Rb7 Bc6+ 0-1

[Event "Titled Tue 3rd Jan Late"]
[Site "chess.com INT"]
[Date "2025.06.03"]
[Round "3"]
[White "Toktomushev, Teimur"]
[Black "Sjugirov, Sanan"]
[Result "0-1"]
[WhiteTitle "FM"]
[BlackTitle "GM"]
[WhiteElo "2398"]
[BlackElo "2638"]
[WhiteFideId "14176726"]
[BlackFideId "4189302"]
[EventDate "2025.06.03"]

1. d4 Nf6 2. c4 e6 3. Nf3 b6 4. g3 Ba6 5. Qc2 Bb4+ 6. Bd2 Bxd2+ 7. Nbxd2 Bb7 8.
Bg2 c5 9. dxc5 bxc5 10. O-O O-O 11. Rad1 d6 12. Nb1 Qc7 13. Nc3 a6 14. Rd2 Nc6
15. Rfd1 Rfd8 16. e3 Rd7 17. Qb1 Rad8 18. b3 h6 19. Rc1 Qb8 20. Qa1 Qa8 21. Ne1
Ne5 22. Bxb7 Qxb7 23. Rcd1 h5 24. h4 Nfg4 25. Qb1 f5 26. e4 g6 27. Qc2 Nf6 28.
Re2 Re8 29. f4 Neg4 30. Nf3 e5 31. fxe5 Nxe5 32. Nxe5 Rxe5 33. exf5 Qf3 34. Rg2
Re3 35. Nd5 Nxd5 36. Rxd5 Rde7 37. fxg6 Re1+ 38. Kh2 Qf1 0-1

[Event "Titled Tue 3rd Jan Late"]
[Site "chess.com INT"]
[Date "2025.06.03"]
[Round "3"]
[White "Baches Garcia, Guillermo"]
[Black "Zlatkov, Anton"]
[Result "1-0"]
[WhiteTitle "IM"]
[BlackTitle "FM"]
[WhiteElo "2305"]
[BlackElo "2322"]
[WhiteFideId "2209764"]
[BlackFideId "15005402"]
[EventDate "2025.06.03"]

1. d4 Nf6 2. Nf3 e6 3. Bg5 Be7 4. Nbd2 c5 5. e3 b6 6. Bd3 Bb7 7. c3 O-O 8. Qe2
h6 9. Bxf6 Bxf6 10. O-O-O d5 11. g4 Nc6 12. h4 e5 13. dxe5 Nxe5 14. g5 Nxd3+ 15.
Qxd3 Be7 16. gxh6 gxh6 17. Rdg1+ Kh8 18. Ng5 f5 19. Ne6 Qd6 20. Nxf8 Rxf8 21.
Rh3 Bc8 22. Rhg3 Be6 23. f4 Qd7 24. Nf3 Bf6 25. Ne5 Bxe5 26. fxe5 Kh7 27. Qe2
Qf7 28. Qg2 Kh8 29. Rg7 Qh5 30. Rh7+ 1-0

[Event "Titled Tue 3rd Jan Late"]
[Site "chess.com INT"]
[Date "2025.06.03"]
[Round "3"]
[White "Jasinski, Alexander"]
[Black "Lavorgna, Giovanni"]
[Result "1-0"]
[BlackTitle "CM"]
[WhiteElo "1964"]
[BlackElo "1902"]
[WhiteFideId "55627994"]
[BlackFideId "11800100"]
[EventDate "2025.06.03"]

1. e4 c5 2. Nf3 Nc6 3. Bb5 Qb6 4. Bxc6 Qxc6 5. Nc3 e6 6. O-O a6 7. d4 cxd4 8.
Nxd4 Qc7 9. Be3 b5 10. a3 Bb7 11. f3 Nf6 12. Qd3 Be7 13. Rad1 O-O 14. Nce2 d5
15. exd5 Nxd5 16. Bf2 Rfd8 17. c3 Bf6 18. Qb1 Rac8 19. Nc2 Nf4 20. Nxf4 Qxf4 21.
Rxd8+ Rxd8 22. Rd1 Rxd1+ 23. Qxd1 h5 24. Be3 Qf5 25. Bd4 h4 26. Bxf6 Qxf6 27. h3
Qe5 28. Qd8+ Kh7 29. Qxh4+ Kg8 30. Qd8+ Kh7 31. Qd3+ g6 32. Qd7 Qc5+ 33. Kh1 Qd5
34. Qxf7+ Kh6 35. Nd4 e5 36. Ne6 Qd1+ 37. Kh2 Bxf3 38. Qf8+ Kh5 39. Qxf3+ Qxf3
40. gxf3 Kh6 41. Kg3 1-0

[Event "Titled Tue 3rd Jan Late"]
[Site "chess.com INT"]
[Date "2025.06.03"]
[Round "3"]
[White "Qin, Kevin"]
[Black "Sanal, Vahap"]
[Result "0-1"]
[BlackTitle "GM"]
[WhiteElo "2017"]
[BlackElo "2555"]
[WhiteFideId "2627949"]
[BlackFideId "6300545"]
[EventDate "2025.06.03"]

1. c4 c6 2. e3 d5 3. Nc3 Nf6 4. Nf3 Bg4 5. cxd5 cxd5 6. Qb3 Bxf3 7. Qxb7 Nbd7 8.
gxf3 e6 9. f4 Rb8 10. Qa6 Bb4 11. Bg2 O-O 12. O-O Nc5 13. Qe2 d4 14. Nd1 Qd6 15.
Qf3 Nd3 16. a3 Bc5 17. b4 Bb6 18. Nb2 dxe3 19. dxe3 Nxc1 20. Raxc1 Qe7 21. Nc4
Bc7 22. Rfd1 Rfd8 23. Nb2 g6 24. Nd3 Bd6 25. e4 e5 26. f5 Kg7 27. Nb2 a5 28. Nc4
axb4 29. axb4 Bxb4 30. Rxd8 Rxd8 31. Rb1 Rd4 32. Qb3 Nxe4 33. f6+ Qxf6 34. Bxe4
Rxe4 35. Qxb4 Qf3 36. Rb3 Rg4+ 37. Kf1 Qd1+ 38. Qe1 Rg1+ 0-1